Insect cell culture engineering
Wedi'i Gadw mewn:
| Prif Awduron: | , , |
|---|---|
| Fformat: | Llyfr |
| Iaith: | Saesneg |
| Cyhoeddwyd: |
Nueva York
Marcel Dekker
1993
|
| Cyfres: | Bioprocess Technology, 17
|
| Pynciau: | |
| Tagiau: |
Ychwanegu Tag
Dim Tagiau, Byddwch y cyntaf i dagio'r cofnod hwn!
|
MARC
| LEADER | 00000nam a2200000 a 4500 | ||
|---|---|---|---|
| 001 | UCM0180 | ||
| 003 | CL-VaPUC | ||
| 008 | 020125e19930000US |||||||||||||||||eng|d | ||
| 082 | 0 | 4 | |a 660.6 |b GOO |2 21 |
| 100 | 0 | |a Goosen, Mattheus F. A |e author |9 466884 | |
| 700 | 0 | |a Daugulis, Andrew J |e author |9 466885 | |
| 700 | 0 | |a Faulkner, Peter |e author |9 466886 | |
| 245 | 1 | 0 | |a Insect cell culture engineering |
| 300 | |a 245 p | ||
| 942 | |c BK | ||
| 945 | |d 20020125 00:00:00 |a cmena | ||
| 260 | |a Nueva York |b Marcel Dekker |c 1993 | ||
| 650 | 0 | |a Biotecnología |9 259561 | |
| 650 | 7 | |a INSECTOS - BIOTECNOLOGIA |2 CL-VaPUC |9 466887 | |
| 650 | 7 | |a CELULAS ANIMALES - BIOTECNOLOGIA |2 CL-VaPUC |9 466888 | |
| 650 | 0 | |a Insectos |x Virus |9 466889 | |
| 650 | 7 | |a INSECTOS - CITOLOGIA |2 CL-VaPUC |9 465791 | |
| 583 | |a last modification |c 20020125 00:00:00 |k Rodrigo Vera | ||
| 490 | 0 | |a Bioprocess Technology, 17 | |
| 999 | |c 299216 |d 299214 | ||
| 952 | |0 0 |1 0 |4 0 |6 660_600000000000000_GOO_1993 |7 0 |8 A |9 355487 |a BIBING |b BIBING |d 2019-11-21 |i 3787583 |l 1 |o 660.6 GOO 1993 |p 3787583 |r 2025-01-20 |s 2020-07-27 |w 2019-11-21 |y BK |k EIB | ||